Zhuangzi quan gu /
Saved in:
| Main Author: | |
|---|---|
| Other Authors: | |
| Format: | Book |
| Language: | Chinese |
| Published: |
Shanghai :
Shang wu yin shu guan,
1931.
|
| Edition: | Chu ban. |
| Series: | Guo li zhong yang da xue cong shu.
|
| Subjects: | |
| Tags: |
Add Tag
No Tags, Be the first to tag this record!
|
| LEADER | 01181cam a2200349ua 4500 | ||
|---|---|---|---|
| 001 | 007726879-2 | ||
| 005 | 20024617105648.0 | ||
| 008 | 920604s1931 cc 000 0 chi d | ||
| 035 | 0 | |a ocm25948292 | |
| 040 | |a *BNJ* |c *BNJ* |d *YNH* |d CStRLIN | ||
| 100 | 1 | |6 880-01 |a Hu, Yuanjun. | |
| 245 | 1 | 0 | |6 880-02 |a Zhuangzi quan gu / |c Hu Yuanjun zhu. |
| 250 | |6 880-03 |a Chu ban. | ||
| 260 | |6 880-04 |a Shanghai : |b Shang wu yin shu guan, |c 1931. | ||
| 300 | |a 11, 285 p. ; |c 19 cm. | ||
| 490 | 1 | |6 880-05 |a Guo li zhong yang da xue cong shu | |
| 500 | |6 880-06 |a Jing zhuang. | ||
| 600 | 0 | 0 | |6 880-07 |a Zhuangzi. |t Nanhua jing. |
| 700 | 0 | 2 | |6 880-08 |a Zhuangzi. |t Nanhua jing. |f 1931. |
| 740 | 0 | |a Zhuang-zi quan gu. | |
| 880 | 1 | |6 100-01 |a 胡遠濬. | |
| 880 | 1 | 0 | |6 245-02 |a 莊子詮詁 / |c 胡遠濬著. |
| 880 | |6 250-03 |a 初版. | ||
| 880 | |6 260-04 |a 上海 : |b 商務印書館, |c 1931. | ||
| 880 | 1 | |6 490-05 |a 國立中央大學叢書 | |
| 880 | |6 500-06 |a 精裝. | ||
| 880 | 0 | 0 | |6 600-07 |a 莊子. |t 南華經. |
| 880 | 0 | 2 | |6 700-08 |a 莊子. |t 南華經. |f 1931. |
| 830 | 0 | |6 880-55 |a Guo li zhong yang da xue cong shu. | |
| 880 | 0 | |6 830-55 |a 國立中央大學叢書. | |
| 988 | |a 20021103 | ||
| 906 | |0 OCLC | ||


